The clash of fundamentalisms: Crusades, Jihads and Modernity /
En el libro se pasa revisión al fundamentalismo islámico y occidental desde la perspectiva de los ataques terroristas del 11 de setiembre en los Estados Unidos de América. El autor realiza una análisis histórico del ascenso del fundamentalismo islámico y las nuevas formas del colonialismo occidental...
Gespeichert in:
| 1. Verfasser: | |
|---|---|
| Format: | Text |
| Sprache: | Spanish |
| Veröffentlicht: |
New York (State) :
Verso
|
| Schlagworte: | |
| Tags: |
Tag hinzufügen
Keine Tags, Fügen Sie den ersten Tag hinzu!
|
MARC
| LEADER | 00000 a a2200000 04500 | ||
|---|---|---|---|
| 001 | 39951 | ||
| 003 | cru CIDCACS/IIS | ||
| 005 | 20171109135000.0 | ||
| 008 | 171109b xxu||||| |||| 00| 0 spa d | ||
| 999 | |c 11526 |d 11526 | ||
| 020 | |a 1-85984-457-X | ||
| 040 | |c CIDCACS/IIS | ||
| 090 | |a 05.03.04 T186c | ||
| 100 | |a Tariq, Alí | ||
| 245 | |a The clash of fundamentalisms: |b Crusades, Jihads and Modernity / |c Alí Tariq | ||
| 260 | |a New York (State) : |b Verso | ||
| 300 | |a 428 páginas | ||
| 300 | |b il. | ||
| 500 | |a Colección Cambio social donada por Paul Almeida | ||
| 520 | |a En el libro se pasa revisión al fundamentalismo islámico y occidental desde la perspectiva de los ataques terroristas del 11 de setiembre en los Estados Unidos de América. El autor realiza una análisis histórico del ascenso del fundamentalismo islámico y las nuevas formas del colonialismo occidental, reponsable, en parte, de dicho ascenso. | ||
| 590 | |a RRA/JULIO2010 | ||
| 650 | |a CAMBIO SOCIAL | ||
| 650 | |a ISLAM | ||
| 650 | |a SIONISMO | ||
| 650 | |a COLONIALISMO |a TERRORISMO |a RELIGION | ||
| 942 | |2 ddc |c LI | ||



